[Event "Milan Autumn op"]
[Site "Milan"]
[Date "2015.10.08"]
[Round "8"]
[White "Pelizzola, Danilo"]
[Black "Cantoro, Daniele"]
[Result "0-1"]
[WhiteElo "2041"]
[BlackElo "2130"]
[PlyCount "68"]
[EventDate "2015.09.15"]
[EventType "swiss"]
[EventRounds "8"]
[EventCountry "ITA"]
[SourceTitle "EXT 2024"]
[Source "ChessBase"]
[SourceDate "2023.10.10"]
[SourceVersion "1"]
[SourceVersionDate "2023.10.10"]
[SourceQuality "1"]

1. e4 c5 2. Nf3 Nc6 3. d4 cxd4 4. Nxd4 Nf6 5. Nc3 e5 6. Ndb5 d6 7. Nd5 Nxd5 8. exd5 Nb8 9. c4 Be7 10. Be2 0-0 11. 0-0 a6 12. Nc3 f5 13. Qc2 Nd7 14. f4 Bf6 15. Rb1 exf4 16. Bxf4 Ne5 17. b4 Re8 18. Bd3 Ng4 19. Nd1 g6 20. h3 Ne5 21. Kh1 b5 22. Ne3 Nxd3 23. Qxd3 g5 24. Bh2 f4 25. Nc2 bxc4 26. Qxc4 Bf5 27. Qb3 Rc8 28. Rbc1 Rc3 29. Qa4 Re2 30. Na3 Be4 31. Rxc3 Bxg2+ 32. Kg1 Bxc3 33. Qxa6 Bd4+ 34. Rf2 Rxf2 0-1

[Event "Milan Autumn op"]
[Site "Milan"]
[Date "2015.09.24"]
[Round "4"]
[White "Bracci, Andrea"]
[Black "Pelizzola, Danilo"]
[Result "1-0"]
[WhiteElo "1918"]
[BlackElo "2041"]
[PlyCount "109"]
[EventDate "2015.09.15"]
[EventType "swiss"]
[EventRounds "8"]
[EventCountry "ITA"]
[SourceTitle "EXT 2024"]
[Source "ChessBase"]
[SourceDate "2023.10.10"]
[SourceVersion "1"]
[SourceVersionDate "2023.10.10"]
[SourceQuality "1"]

1. e4 c5 2. Nf3 Nc6 3. d4 cxd4 4. Nxd4 Nf6 5. Nc3 e5 6. Ndb5 d6 7. Bg5 a6 8. Bxf6 gxf6 9. Na3 f5 10. Nc4 f4 11. Nd5 Be6 12. Ncb6 Rb8 13. c3 Bg7 14. Qh5 Bxd5 15. Nxd5 b5 16. g3 Ne7 17. Qg5 Nxd5 18. Qxd8+ Kxd8 19. exd5 b4 20. Bxa6 bxc3 21. bxc3 e4 22. 0-0 Rb6 23. Bc4 Bxc3 24. Rac1 Bd2 25. Rc2 e3 26. Kg2 Re8 27. fxe3 fxe3 28. Kf3 Re5 29. Ke2 Ke7 30. Bb3 Rb7 31. Rf4 h5 32. Rcc4 Kf8 33. Rc6 Ke7 34. Rc8 Rg5 35. Rh8 Rc7 36. Ba4 f5 37. Rh7+ Kd8 38. Rxc7 Kxc7 39. Bc2 h4 40. Rxh4 f4 41. Rxf4 Rxd5 42. Bb3 Rg5 43. g4 d5 44. h4 Re5 45. h5 Kd6 46. h6 Bc3 47. h7 Re8 48. g5 Kc5 49. Rf5 Kd4 50. Rxd5+ Ke4 51. Rd3 Bd4 52. g6 Rf8 53. Rxd4+ Kxd4 54. g7 Rf2+ 55. Ke1 1-0

[Event "Milan SSM Septembre"]
[Site "Milan"]
[Date "2015.09.13"]
[Round "5"]
[White "Pelizzola, Danilo"]
[Black "Crippa, Oscar"]
[Result "1-0"]
[WhiteElo "2041"]
[BlackElo "1686"]
[PlyCount "120"]
[EventDate "2015.09.10"]
[EventType "swiss"]
[EventRounds "5"]
[EventCountry "ITA"]
[SourceTitle "EXT 2024"]
[Source "ChessBase"]
[SourceDate "2023.10.10"]
[SourceVersion "1"]
[SourceVersionDate "2023.10.10"]
[SourceQuality "1"]

1. e4 e6 2. d4 d5 3. Nc3 Nf6 4. Bg5 Bb4 5. e5 h6 6. Bd2 Bxc3 7. bxc3 Ne4 8. Nf3 c5 9. Bd3 Bd7 10. 0-0 Bc6 11. dxc5 Nxc5 12. Qe2 Nbd7 13. Be3 Qc7 14. Bd4 0-0 15. g4 Nxd3 16. cxd3 Qd8 17. Qe3 b6 18. h3 Qe7 19. Kh2 Bb5 20. Rg1 Nc5 21. Rad1 Rac8 22. g5 h5 23. g6 Kh8 24. Rg5 fxg6 25. Rxg6 Qf7 26. Rg3 Qf4 27. Qxf4 Rxf4 28. Ne1 Na4 29. Rb1 Ba6 30. Rb3 Nc5 31. Ra3 Rc6 32. Kg1 Rf7 33. Bxc5 bxc5 34. Rg5 Rf5 35. Rxf5 exf5 36. f4 Rb6 37. Rb3 Kg8 38. Kf2 Kf7 39. Rxb6 axb6 40. h4 Ke6 41. d4 cxd4 42. cxd4 Bc4 43. a3 Bb3 44. Ke2 Ba4 45. Kd2 Kd7 46. Ng2 g6 47. Kc3 Bd1 48. Ne3 Bf3 49. Nc2 Be2 50. Ne3 Ke6 51. Kd2 Bb5 52. Nd1 Kd7 53. Nc3 Bc6 54. Kc2 Kc7 55. Ne2 Bb5 56. Ng1 Bf1 57. Nf3 Kd7 58. Kc3 Ke7 59. Kb4 Be2 60. Ng5 Bf1 1-0

[Event "Milan SSM July"]
[Site "Milan"]
[Date "2015.07.05"]
[Round "4"]
[White "Pelizzola, Danilo"]
[Black "Aloe, Giancarlo"]
[Result "1-0"]
[WhiteElo "2064"]
[BlackElo "1711"]
[PlyCount "137"]
[EventDate "2015.07.02"]
[EventType "swiss"]
[EventRounds "5"]
[EventCountry "ITA"]
[SourceTitle "EXT 2024"]
[Source "ChessBase"]
[SourceDate "2023.10.10"]
[SourceVersion "1"]
[SourceVersionDate "2023.10.10"]
[SourceQuality "1"]

1. e4 d5 2. exd5 Qxd5 3. Nc3 Qe5+ 4. Qe2 Qxe2+ 5. Bxe2 Bf5 6. Bf3 c6 7. d3 Nf6 8. Nge2 Nbd7 9. Ng3 Bg6 10. Bf4 e5 11. Bd2 Bd6 12. 0-0-0 0-0 13. Nce4 Bc7 14. Nxf6+ Nxf6 15. Bc3 Rfe8 16. Ne4 Nd5 17. Bd2 a5 18. Nc3 Red8 19. Be4 f5 20. Bf3 a4 21. a3 b5 22. h3 Bf7 23. Rde1 Bd6 24. Bxd5 Bxd5 25. Nxd5 cxd5 26. g4 f4 27. Bc3 d4 28. Bd2 Rdc8 29. Kb1 Rc6 30. f3 Rac8 31. Rc1 Rb8 32. Rhe1 g5 33. c3 Rbc8 34. cxd4 Rxc1+ 35. Bxc1 exd4 36. Re4 Bc5 37. Re5 h6 38. Bd2 Kf7 39. Be1 Kf6 40. Re4 Rb8 41. h4 b4 42. axb4 Bxb4 43. hxg5+ hxg5 44. Bf2 Bc3 45. Bxd4+ Bxd4 46. Rxd4 a3 47. b4 Ke5 48. Rc4 Rd8 49. Kc2 a2 50. Re4+ Kd5 51. Kb2 Ra8 52. Re1 Kd4 53. Ka1 Kxd3 54. Re5 Kc3 55. Rxg5 Kb3 56. Rd5 Rf8 57. b5 Kc4 58. Rf5 Rb8 59. Kxa2 Kd3 60. Rxf4 Rxb5 61. Rf5 Rb6 62. g5 Rg6 63. f4 Rg8 64. Rf6 Ke4 65. g6 Kd5 66. f5 Ke5 67. Rf7 Kf4 68. g7 Kg5 69. f6 1-0

[Event "Milan SSM July"]
[Site "Milan"]
[Date "2015.07.04"]
[Round "3"]
[White "Ruggeri, Igor"]
[Black "Pelizzola, Danilo"]
[Result "0-1"]
[WhiteElo "1528"]
[BlackElo "2064"]
[PlyCount "36"]
[EventDate "2015.07.02"]
[EventType "swiss"]
[EventRounds "5"]
[EventCountry "ITA"]
[SourceTitle "EXT 2024"]
[Source "ChessBase"]
[SourceDate "2023.10.10"]
[SourceVersion "1"]
[SourceVersionDate "2023.10.10"]
[SourceQuality "1"]

1. d4 Nf6 2. c4 e6 3. Nf3 b6 4. g3 Bb7 5. Bg2 Be7 6. 0-0 0-0 7. Nc3 Ne4 8. Qc2 f5 9. Nd2 Nxc3 10. Bxb7 Nxe2+ 11. Kg2 Nxd4 12. Qd3 Nbc6 13. Bxa8 Qxa8 14. Nf3 Bf6 15. Bf4 g5 16. Nxd4 Ne5+ 17. Nf3 Nxd3 18. Bxc7 g4 0-1

[Event "Milan SSM July"]
[Site "Milan"]
[Date "2015.07.03"]
[Round "2"]
[White "Pelizzola, Danilo"]
[Black "Cazzaniga, Walter"]
[Result "1/2-1/2"]
[WhiteElo "2064"]
[BlackElo "2163"]
[PlyCount "69"]
[EventDate "2015.07.02"]
[EventType "swiss"]
[EventRounds "5"]
[EventCountry "ITA"]
[SourceTitle "EXT 2024"]
[Source "ChessBase"]
[SourceDate "2023.10.10"]
[SourceVersion "1"]
[SourceVersionDate "2023.10.10"]
[SourceQuality "1"]

1. e4 c5 2. Nf3 d6 3. d4 cxd4 4. Nxd4 Nf6 5. Nc3 g6 6. Be3 Bg7 7. f3 0-0 8. Bc4 Nc6 9. Qd2 Bd7 10. 0-0-0 Rc8 11. Bb3 Ne5 12. g4 Nc4 13. Bxc4 Rxc4 14. h4 Qa5 15. Kb1 Rxc3 16. Qxc3 Qxc3 17. bxc3 Rc8 18. Kb2 a5 19. h5 a4 20. a3 Rc5 21. hxg6 fxg6 22. g5 Nh5 23. Ne2 Rb5+ 24. Ka1 Ng3 25. Nd4 Bxd4 26. cxd4 Nxh1 27. Rxh1 d5 28. Rb1 Kf7 29. exd5 Rxb1+ 30. Kxb1 Bb5 31. Kb2 Bc4 32. Kc3 Bxd5 33. f4 Be4 34. Bc1 Ke6 35. Bd2 1/2-1/2

[Event "Milan Cappello Memorial"]
[Site "Milan"]
[Date "2015.06.09"]
[Round "7"]
[White "Silari, Andrea"]
[Black "Pelizzola, Danilo"]
[Result "0-1"]
[WhiteElo "1694"]
[BlackElo "2080"]
[PlyCount "70"]
[EventDate "2015.05.12"]
[EventType "swiss"]
[EventRounds "8"]
[EventCountry "ITA"]
[SourceTitle "EXT 2017"]
[Source "ChessBase"]
[SourceDate "2016.10.25"]
[SourceVersion "1"]
[SourceVersionDate "2016.10.25"]
[SourceQuality "1"]

1. c4 b6 2. e4 e5 3. Nc3 Nf6 4. a3 Bb7 5. d3 Bc5 6. b4 Bd4 7. Bb2 d6 8. g3 Nbd7 9. Bg2 0-0 10. Nge2 c5 11. 0-0 cxb4 12. axb4 Bxc3 13. Bxc3 Qc7 14. Qd2 h6 15. f4 a6 16. fxe5 dxe5 17. Rf5 Rae8 18. Raf1 Nh7 19. Bh3 Bc8 20. Bg2 Nb8 21. Rh5 b5 22. c5 a5 23. bxa5 Bg4 24. Bf3 Bxh5 25. Bxh5 Nc6 26. Kg2 Qd7 27. h4 Rd8 28. Rf3 Qe7 29. Bb4 Nf6 30. g4 Nxe4 31. Qe3 Nf6 32. Rxf6 Qxf6 33. Bc3 Qxh4 34. Bxe5 Nxe5 35. Qxe5 Rfe8 0-1

[Event "Milan SSM op 05"]
[Site "Milan"]
[Date "2015.05.23"]
[Round "4"]
[White "Pelizzola, Danilo"]
[Black "Romagnoli, Thomas"]
[Result "1/2-1/2"]
[WhiteElo "2080"]
[BlackElo "1854"]
[PlyCount "119"]
[EventDate "2015.05.20"]
[EventType "swiss"]
[EventRounds "6"]
[EventCountry "ITA"]
[SourceTitle "EXT 2017"]
[Source "ChessBase"]
[SourceDate "2016.10.25"]
[SourceVersion "1"]
[SourceVersionDate "2016.10.25"]
[SourceQuality "1"]

1. e4 c5 2. Nf3 Nc6 3. d4 cxd4 4. Nxd4 e5 5. Nb5 a6 6. Nd6+ Bxd6 7. Qxd6 Qf6 8. Qxf6 Nxf6 9. Nc3 d5 10. Bd3 Be6 11. exd5 Nxd5 12. Nxd5 Bxd5 13. 0-0 0-0 14. Be3 f5 15. f3 e4 16. fxe4 fxe4 17. Be2 Rxf1+ 18. Bxf1 Nb4 19. Bc5 Nc6 20. Rd1 Be6 21. a3 Rc8 22. b4 a5 23. c3 axb4 24. cxb4 Kf7 25. Be2 Ra8 26. Rf1+ Kg6 27. Ra1 b6 28. Bxb6 Nxb4 29. a4 Nd5 30. Bd4 Nb4 31. Bb5 Nc2 32. Bc6 Rd8 33. Bb6 Rd6 34. Bxe4+ Bf5 35. Bxf5+ Kxf5 36. Rc1 Rxb6 37. Rxc2 Ra6 38. Rc4 Ra5 39. Rb4 Ke5 40. Rb5+ Rxb5 41. axb5 Kd5 42. Kf2 Kc5 43. Ke3 Kxb5 44. Ke4 Kc6 45. Ke5 Kd7 46. h4 Ke7 47. h5 Kf7 48. Kf5 g6+ 49. Kg5 Kg7 50. Kh4 gxh5 51. Kxh5 h6 52. Kh4 Kh7 53. Kg3 h5 54. Kf3 Kh6 55. Kf4 Kg6 56. Ke4 Kg5 57. Kf3 h4 58. Kf2 Kf4 59. Kg1 Kg3 60. Kh1 1/2-1/2

[Event "Milan Cappello Memorial"]
[Site "Milan"]
[Date "2015.05.19"]
[Round "3"]
[White "Mina, N Mina"]
[Black "Pelizzola, Danilo"]
[Result "1/2-1/2"]
[WhiteElo "2180"]
[BlackElo "2080"]
[PlyCount "59"]
[EventDate "2015.05.12"]
[EventType "swiss"]
[EventRounds "8"]
[EventCountry "ITA"]
[SourceTitle "EXT 2017"]
[Source "ChessBase"]
[SourceDate "2016.10.25"]
[SourceVersion "1"]
[SourceVersionDate "2016.10.25"]
[SourceQuality "1"]

1. c4 Nf6 2. Nc3 e6 3. g3 c5 4. Bg2 Nc6 5. Nf3 Be7 6. 0-0 0-0 7. b3 d5 8. e3 b6 9. Bb2 Bb7 10. Qe2 Rc8 11. d3 Qc7 12. Ne1 a6 13. f4 d4 14. Ne4 Nxe4 15. dxe4 Rcd8 16. Rd1 e5 17. Nf3 Bc8 18. exd4 Nxd4 19. Bxd4 exd4 20. Ne5 Rfe8 21. Nd3 Bf8 22. e5 b5 23. Bd5 Rxd5 24. cxd5 c4 25. bxc4 bxc4 26. Qc2 Bb7 27. Qa4 Bxd5 28. Nb4 Rd8 29. Nxd5 Rxd5 30. e6 1/2-1/2

[Event "Milan Palladino Memorial-A 7th"]
[Site "Milan"]
[Date "2015.04.03"]
[Round "2"]
[White "Pelizzola, Danilo"]
[Black "Cantoro, Daniele"]
[Result "1/2-1/2"]
[WhiteElo "2043"]
[BlackElo "2105"]
[PlyCount "39"]
[EventDate "2015.04.02"]
[EventType "swiss"]
[EventRounds "7"]
[EventCountry "ITA"]
[SourceTitle "EXT 2017"]
[Source "ChessBase"]
[SourceDate "2016.10.25"]
[SourceVersion "1"]
[SourceVersionDate "2016.10.25"]
[SourceQuality "1"]

1. e4 c5 2. Nf3 Nc6 3. d4 cxd4 4. Nxd4 Nf6 5. Nc3 d6 6. Be2 e5 7. Nf3 h6 8. 0-0 Be7 9. b3 0-0 10. Bb2 Be6 11. Qd2 a6 12. Rfd1 b5 13. a3 b4 14. axb4 Nxb4 15. Ne1 a5 16. Bf3 Qb6 17. g3 Rfd8 18. Qe2 Bd7 19. Ng2 Qb7 20. Ne3 1/2-1/2

[Event "Milan Carnevale op-A 6th"]
[Site "Milan"]
[Date "2015.02.22"]
[Round "6"]
[White "Vezzosi, Paolo"]
[Black "Pelizzola, Danilo"]
[Result "1/2-1/2"]
[WhiteElo "2331"]
[BlackElo "2053"]
[PlyCount "86"]
[EventDate "2015.02.18"]
[EventType "swiss"]
[EventRounds "6"]
[EventCountry "ITA"]
[SourceTitle "EXT 2017"]
[Source "ChessBase"]
[SourceDate "2016.10.25"]
[SourceVersion "1"]
[SourceVersionDate "2016.10.25"]
[SourceQuality "1"]

1. e4 e5 2. Nf3 Nf6 3. Nxe5 d6 4. Nf3 Nxe4 5. d4 d5 6. Bd3 Nc6 7. 0-0 Be7 8. Re1 Bf5 9. c4 0-0 10. Nc3 Nxc3 11. bxc3 Bxd3 12. Qxd3 dxc4 13. Qxc4 Bf6 14. Bf4 Rc8 15. Qb5 Rb8 16. Rad1 a6 17. Qc4 Rc8 18. d5 Na5 19. Qb4 b6 20. c4 Nb7 21. Qa4 Nc5 22. Qc6 Qd7 23. Qxd7 Nxd7 24. Nd4 Bxd4 25. Rxd4 Rfe8 26. Rxe8+ Rxe8 27. Kf1 Rc8 28. Re4 Kf8 29. Ke2 Nf6 30. Rd4 Nh5 31. Bd2 f5 32. f3 Kf7 33. Bc3 Re8+ 34. Kd3 Nf6 35. Rf4 Kg6 36. Bxf6 Kxf6 37. g4 g6 38. gxf5 gxf5 39. Rh4 Kg6 40. c5 Re1 41. cxb6 cxb6 42. Kd4 h5 43. Kd3 Rd1+ 1/2-1/2

[Event "Milan SSM op"]
[Site "Milan"]
[Date "2015.01.29"]
[Round "6"]
[White "Pelizzola, Danilo"]
[Black "Spina, Antonio"]
[Result "1-0"]
[WhiteElo "2053"]
[BlackElo "1467"]
[PlyCount "105"]
[EventDate "2015.01.13"]
[EventType "swiss"]
[EventRounds "8"]
[EventCountry "ITA"]
[SourceTitle "EXT 2017"]
[Source "ChessBase"]
[SourceDate "2016.10.25"]
[SourceVersion "1"]
[SourceVersionDate "2016.10.25"]
[SourceQuality "1"]

1. e4 e5 2. Nf3 Nc6 3. Bb5 d6 4. d4 exd4 5. Nxd4 Bd7 6. 0-0 Nxd4 7. Bxd7+ Qxd7 8. Qxd4 c5 9. Qd3 Be7 10. c4 Nf6 11. Nc3 0-0 12. Be3 b6 13. Rad1 a6 14. Nd5 Nxd5 15. Qxd5 Kh8 16. b3 f6 17. f3 Rg8 18. Rfe1 g5 19. g4 Rad8 20. Kg2 Rg7 21. Bf2 h5 22. h3 h4 23. Re2 Bf8 24. Bg1 Re7 25. Bh2 Re6 26. Red2 Qe7 27. a3 a5 28. Qd3 Qc7 29. Qc2 Qc6 30. a4 Kg7 31. Rd5 Be7 32. R1d3 Kg6 33. Qd2 Kh6 34. Bg1 Re5 35. Bf2 Kg6 36. Re3 Rd7 37. Qd3 Bf8 38. Re2 Be7 39. Be1 Kg7 40. Bc3 Rxd5 41. exd5 Qc8 42. Qf5 Qd8 43. Qxg5+ Kf7 44. Qh5+ Kg7 45. Re6 Qf8 46. g5 Kg8 47. g6 Qg7 48. f4 Qh8 49. Qxh8+ Kxh8 50. Rxe7 Rxe7 51. Bxf6+ Kg8 52. Bxe7 Kg7 53. f5 1-0

[Event "Milan Molinari Memorial 8th"]
[Site "Milan"]
[Date "2014.10.31"]
[Round "3"]
[White "Pelizzola, Danilo"]
[Black "Bonazzi, Edoardo"]
[Result "1/2-1/2"]
[WhiteElo "2081"]
[BlackElo "2102"]
[PlyCount "41"]
[EventDate "2014.10.29"]
[EventType "swiss"]
[EventRounds "6"]
[EventCountry "ITA"]
[SourceTitle "EXT 2016"]
[Source "ChessBase"]
[SourceDate "2015.10.08"]
[SourceVersion "1"]
[SourceVersionDate "2015.10.08"]
[SourceQuality "1"]

1. e4 c5 2. Nf3 e6 3. d4 cxd4 4. Nxd4 Nc6 5. Nb5 d6 6. c4 Nf6 7. N1c3 a6 8. Na3 Be7 9. Be2 0-0 10. 0-0 Qc7 11. Be3 b6 12. Rc1 Nb8 13. Qb3 Nbd7 14. Rfd1 Nc5 15. Qc2 Bb7 16. f3 Rac8 17. Bf1 Qb8 18. Qf2 Ba8 19. Nc2 Rfe8 20. Nd4 Ncd7 21. Nb3 1/2-1/2

[Event "Milan Molinari Memorial 8th"]
[Site "Milan"]
[Date "2014.10.29"]
[Round "1"]
[White "Pelizzola, Danilo"]
[Black "Podetti, Davide"]
[Result "0-1"]
[WhiteElo "2081"]
[BlackElo "1911"]
[PlyCount "108"]
[EventDate "2014.10.29"]
[EventType "swiss"]
[EventRounds "6"]
[EventCountry "ITA"]
[SourceTitle "EXT 2016"]
[Source "ChessBase"]
[SourceDate "2015.10.08"]
[SourceVersion "1"]
[SourceVersionDate "2015.10.08"]
[SourceQuality "1"]

1. e4 e5 2. Nf3 Nc6 3. Bb5 a6 4. Ba4 Nf6 5. 0-0 b5 6. Bb3 Be7 7. Re1 d6 8. c3 0-0 9. h3 Na5 10. Bc2 c5 11. d4 Qc7 12. d5 c4 13. b3 cxb3 14. axb3 Bd7 15. Ba3 Bd8 16. Bd3 Nb7 17. b4 Be7 18. Bb2 Rfc8 19. Na3 Qb6 20. Qe2 Nh5 21. Qe3 Qxe3 22. fxe3 g6 23. g4 Ng7 24. Kh2 f5 25. gxf5 Rf8 26. f6 Rxf6 27. Rf1 Raf8 28. Be2 g5 29. Ng1 Nh5 30. Kg2 Rxf1 31. Rxf1 Nf6 32. Bd3 Kg7 33. Ne2 Bd8 34. Ng3 Bb6 35. Re1 h5 36. Nc2 h4 37. Nh1 g4 38. hxg4 Nxg4 39. Bc1 Kh6 40. Be2 h3+ 41. Kg3 Nf6 42. Bf3 Bd8 43. Nf2 Nh5+ 44. Bxh5 Kxh5 45. Nxh3 Bh4+ 46. Kg2 Bxh3+ 47. Kxh3 Bxe1 48. Nxe1 Rf1 49. Bd2 Rf2 50. Bc1 Ra2 51. Kg3 a5 52. bxa5 Nxa5 53. Kf3 Nc4 54. Nd3 Rc2 0-1

[Event "Milan SSM op 09"]
[Site "Milan"]
[Date "2014.10.07"]
[Round "7"]
[White "Nepi, Ezio"]
[Black "Pelizzola, Danilo"]
[Result "1-0"]
[WhiteElo "1950"]
[BlackElo "2081"]
[PlyCount "67"]
[EventDate "2014.09.16"]
[EventType "swiss"]
[EventRounds "8"]
[EventCountry "ITA"]
[SourceTitle "EXT 2016"]
[Source "ChessBase"]
[SourceDate "2015.10.08"]
[SourceVersion "1"]
[SourceVersionDate "2015.10.08"]
[SourceQuality "1"]

1. d4 Nf6 2. c4 e6 3. g3 c5 4. d5 exd5 5. cxd5 b5 6. e4 Nxe4 7. Qe2 Qe7 8. Bg2 Nd6 9. Be3 Na6 10. Nc3 Rb8 11. a4 bxa4 12. Rxa4 Rb6 13. Ne4 f5 14. Bg5 fxe4 15. Bxe7 Bxe7 16. Nh3 0-0 17. 0-0 Bf6 18. Rb1 Nb4 19. Rxa7 Nxd5 20. Bxe4 Nb4 21. Bg2 Bd4 22. Nf4 Re8 23. Qh5 Re5 24. Qf3 g5 25. Qg4 Ne8 26. Ra8 Kf7 27. Qh5+ Kg7 28. Qg4 Kf7 29. Nh5 Nd6 30. Qf3+ Rf5 31. Qb3+ c4 32. Qa4 Rxf2 33. Kh1 Rxg2 34. Rxc8 1-0

[Event "Milan SSM op 09"]
[Site "Milan"]
[Date "2014.09.26"]
[Round "4"]
[White "Pelizzola, Danilo"]
[Black "Miracola, Massimiliano"]
[Result "1/2-1/2"]
[WhiteElo "2081"]
[BlackElo "2173"]
[PlyCount "55"]
[EventDate "2014.09.16"]
[EventType "swiss"]
[EventRounds "8"]
[EventCountry "ITA"]
[SourceTitle "EXT 2016"]
[Source "ChessBase"]
[SourceDate "2015.10.08"]
[SourceVersion "1"]
[SourceVersionDate "2015.10.08"]
[SourceQuality "1"]

1. e4 c5 2. Nf3 Nc6 3. d4 cxd4 4. Nxd4 Nf6 5. Nc3 d6 6. Be2 e5 7. Nf3 h6 8. 0-0 Be7 9. b3 0-0 10. Bb2 Bg4 11. Re1 Rc8 12. Qd2 Bxf3 13. Bxf3 Nd4 14. Qd3 Qa5 15. Rec1 Rfd8 16. Ne2 d5 17. Nxd4 dxe4 18. Bxe4 Qb6 19. Qf3 exd4 20. Bxb7 Rc7 21. Be4 Nxe4 22. Qxe4 Bf6 23. Rd1 Rdc8 24. Bxd4 Bxd4 25. Qxd4 Qxd4 26. Rxd4 Rxc2 27. f3 Rb2 28. Rad1 1/2-1/2

[Event "Milan SSM op 09"]
[Site "Milan"]
[Date "2014.09.23"]
[Round "3"]
[White "Ciciotti, Augusto Walter"]
[Black "Pelizzola, Danilo"]
[Result "0-1"]
[WhiteElo "1910"]
[BlackElo "2081"]
[PlyCount "60"]
[EventDate "2014.09.16"]
[EventType "swiss"]
[EventRounds "8"]
[EventCountry "ITA"]
[SourceTitle "EXT 2016"]
[Source "ChessBase"]
[SourceDate "2015.10.08"]
[SourceVersion "1"]
[SourceVersionDate "2015.10.08"]
[SourceQuality "1"]

1. d4 Nf6 2. c4 e6 3. Nf3 b6 4. g3 Bb7 5. Bg2 Be7 6. 0-0 0-0 7. Nc3 d6 8. Qc2 Nbd7 9. e4 e5 10. Rd1 exd4 11. Nxd4 Re8 12. Nd5 Bf8 13. Nb5 c6 14. Nxf6+ Nxf6 15. e5 Rxe5 16. Bf4 Re6 17. Nd4 Re8 18. b4 Qd7 19. Qa4 Ne4 20. Rac1 h6 21. b5 cxb5 22. cxb5 g5 23. Be3 a6 24. Nc6 axb5 25. Qxb5 Rxa2 26. Qc4 Nxf2 27. Bxf2 Ree2 28. Rf1 Ba6 29. Qd5 Red2 30. Ne5 dxe5 0-1

[Event "Milan SSM op 08"]
[Site "Milan"]
[Date "2014.08.03"]
[Round "7"]
[White "Nicolo, Filippo"]
[Black "Pelizzola, Danilo"]
[Result "1-0"]
[WhiteElo "2066"]
[BlackElo "2106"]
[PlyCount "69"]
[EventDate "2014.07.29"]
[EventType "swiss"]
[EventRounds "7"]
[EventCountry "ITA"]
[SourceTitle "EXT 2016"]
[Source "ChessBase"]
[SourceDate "2015.10.08"]
[SourceVersion "1"]
[SourceVersionDate "2015.10.08"]
[SourceQuality "1"]

1. e4 e5 2. Nf3 Nc6 3. Bc4 Bc5 4. c3 Nf6 5. d3 d6 6. Nbd2 0-0 7. Bb3 a6 8. h3 Qe7 9. Nf1 h6 10. g4 Nh7 11. Ng3 Be6 12. Nf5 Qd7 13. Be3 Bxe3 14. Nxe3 g6 15. Qd2 Kg7 16. Rg1 Bxb3 17. axb3 Ne7 18. Nf5+ Nxf5 19. gxf5 Qe7 20. h4 Rh8 21. 0-0-0 c5 22. fxg6 fxg6 23. h5 g5 24. Nh4 Qf6 25. Nf5+ Kf7 26. d4 Rhd8 27. Rg3 Kg8 28. dxc5 dxc5 29. Rd3 Rxd3 30. Qxd3 Kh8 31. Qd7 Qf8 32. Rd6 Nf6 33. Qe6 Ng4 34. f3 Re8 35. Qd7 1-0

[Event "Milan SSM op 08"]
[Site "Milan"]
[Date "2014.08.02"]
[Round "5"]
[White "Mazzoccoli, Simone"]
[Black "Pelizzola, Danilo"]
[Result "0-1"]
[WhiteElo "1757"]
[BlackElo "2106"]
[PlyCount "76"]
[EventDate "2014.07.29"]
[EventType "swiss"]
[EventRounds "7"]
[EventCountry "ITA"]
[SourceTitle "EXT 2016"]
[Source "ChessBase"]
[SourceDate "2015.10.08"]
[SourceVersion "1"]
[SourceVersionDate "2015.10.08"]
[SourceQuality "1"]

1. e4 e5 2. Nf3 Nc6 3. d4 exd4 4. Nxd4 Nf6 5. Nxc6 bxc6 6. Bd3 d5 7. exd5 cxd5 8. Nc3 c6 9. 0-0 Be7 10. Bf4 0-0 11. Re1 Bg4 12. Qd2 Bd6 13. h3 Bh5 14. Rab1 Qc7 15. Bg5 Nd7 16. b4 f6 17. Be3 Bf7 18. Bf1 Nb6 19. a4 Rad8 20. a5 Nc4 21. Bxc4 dxc4 22. Qe2 Rfe8 23. Qf3 Be5 24. Ne2 Bg6 25. Bf4 Bxc2 26. Rbc1 Bb3 27. Bxe5 Rxe5 28. Nf4 Rde8 29. Rxe5 Rxe5 30. Qg3 Re4 31. Nh5 Qxg3 32. Nxg3 Re5 33. f3 Rb5 34. Re1 Rxb4 35. Ra1 c3 36. Ne2 c2 37. Kf2 Bc4 38. Nc3 Rb3 0-1

[Event "Milan SSM op 08"]
[Site "Milan"]
[Date "2014.08.01"]
[Round "4"]
[White "Pelizzola, Danilo"]
[Black "Prevedello, Daniele"]
[Result "1/2-1/2"]
[WhiteElo "2106"]
[BlackElo "1860"]
[PlyCount "152"]
[EventDate "2014.07.29"]
[EventType "swiss"]
[EventRounds "7"]
[EventCountry "ITA"]
[SourceTitle "EXT 2016"]
[Source "ChessBase"]
[SourceDate "2015.10.08"]
[SourceVersion "1"]
[SourceVersionDate "2015.10.08"]
[SourceQuality "1"]

1. e4 c6 2. d4 d5 3. Nd2 dxe4 4. Nxe4 Bf5 5. Ng3 Bg6 6. Bc4 e6 7. N1e2 Nf6 8. c3 Nd5 9. Nf4 Nxf4 10. Bxf4 Be7 11. Qe2 Nd7 12. Ne4 Nb6 13. Bb3 Nd5 14. Bd2 0-0 15. 0-0 Qc7 16. Rae1 Rad8 17. Bg5 Bxg5 18. Nxg5 Nf4 19. Qe3 Bd3 20. g3 Bxf1 21. gxf4 Ba6 22. Qe4 g6 23. f5 exf5 24. Qe7 Qxe7 25. Rxe7 Kg7 26. Nxf7 Kf6 27. Rc7 Rde8 28. h4 Re7 29. Rxe7 Kxe7 30. Ne5 Rf6 31. f4 b6 32. Bg8 Be2 33. Bxh7 Bh5 34. Bg8 Kd6 35. Kf2 b5 36. Bf7 Ke7 37. Bb3 Rd6 38. Ke3 Kf6 39. Bc2 Ke7 40. Bd3 a6 41. b4 Re6 42. c4 Bg4 43. c5 Bd1 44. Kd2 Bg4 45. Bf1 Kd8 46. Bg2 Kc7 47. Kd3 Bd1 48. Kd2 Bg4 49. Kc2 Be2 50. Kd2 Bc4 51. a3 Bd5 52. Bf1 Re7 53. Be2 Rg7 54. Ke3 Kd8 55. Bd1 Ke7 56. a4 Kf6 57. a5 Rh7 58. Nf3 Re7+ 59. Ne5 Rh7 60. Nf3 Bxf3 61. Bxf3 Rc7 62. d5 cxd5 63. Bxd5 Rh7 64. Bc6 Rc7 65. Bd5 Ke7 66. Kd4 Kf6 67. c6 Ke7 68. Kc5 Rc8 69. Bg2 Rh8 70. Kb6 Kd6 71. Kb7 Rxh4 72. Kxa6 Rg4 73. Bh1 Rh4 74. Bg2 Rg4 75. Bh1 Rh4 76. Bg2 Rg4 1/2-1/2

[Event "Milan SSM op 08"]
[Site "Milan"]
[Date "2014.07.30"]
[Round "2"]
[White "Pelizzola, Danilo"]
[Black "Bisignano, Giuseppe"]
[Result "1-0"]
[WhiteElo "2106"]
[BlackElo "1872"]
[PlyCount "59"]
[EventDate "2014.07.29"]
[EventType "swiss"]
[EventRounds "7"]
[EventCountry "ITA"]
[SourceTitle "EXT 2016"]
[Source "ChessBase"]
[SourceDate "2015.10.08"]
[SourceVersion "1"]
[SourceVersionDate "2015.10.08"]
[SourceQuality "1"]

1. e4 e5 2. Nf3 Nc6 3. Bb5 a6 4. Ba4 Nf6 5. 0-0 Be7 6. Re1 b5 7. Bb3 0-0 8. c3 d6 9. h3 Bb7 10. d4 h6 11. Nbd2 a5 12. Nf1 Nh5 13. d5 Nb8 14. Nxe5 dxe5 15. Qxh5 Nd7 16. Ng3 Bg5 17. Bxg5 Qxg5 18. Rad1 g6 19. Qxg5 hxg5 20. a3 Kg7 21. Bc2 Ra6 22. Bd3 Rb6 23. b4 a4 24. Nf1 f5 25. f3 f4 26. Nd2 c6 27. c4 cxd5 28. c5 dxe4 29. Bxe4 Bxe4 30. Nxe4 1-0